00981nam a2200241Ia 450000500170000000800410001702000270005804000190008504100120010408200130011624502150012926001230034430000260046750400320049363000140052565000260053965100180056570000230058385000100060694200070061699900170062395200990064020230731133318.0131103s9999 xx 000 0 und d a019-561623-5cRs. 1250 aLoreto College aEnglish a954bHAW aEncyclopedia of Indian Natural Historyb Centenary publication of the Bombay Natural History Society 1883-1983 cGeneral editor R.E. Hawkins. Illustration editors Doris Norden and for inset plates Bittu Sahgal. aDelhibOxford University Press on behalf of the Bombay Natural History Societyc1986. Reprinted as paster edition 2001 a620p., illus. 27.5cm. aIncludes index and glossary aBiology  aNatural History-India aLife Sciences aHawkins, R.E.4ed. aLCLIB cBK c43369d93848 00102ddc4070aMAINbMAINd2023-07-22l0o954 HAW 29899p47495r2023-07-22w2023-07-22yBKf